000 00610nam a2200229Ia 4500
003 OSt
005 20221007063250.0
006 a|||||r|||| 00| 0
007 ta
008 221006b |||||||| |||| 00| 0 eng d
024 _a25,851
037 _cTextual
040 _aFLL
_cFLL
_beng
041 _2eng
_aeng
082 _aX:75.2.N79-N74, L3
100 _aSamant D. R.
245 0 _aApproach to the fifth plan
260 _aBombay
_bPopular Prakashan India
_c1973
300 _avii,57p
_ccm.
942 _hX:75.2.N79-N74, L3
_cTEXL
_2CC
999 _c1130826
_d1130826